Motivating at work : (Record no. 7906)

MARC details
000 -LEADER
fixed length control field 00536nam a22001817a 4500
003 - CONTROL NUMBER IDENTIFIER
control field OSt
005 - DATE AND TIME OF LATEST TRANSACTION
control field 20260128064350.0
008 - FIXED-LENGTH DATA ELEMENTS--GENERAL INFORMATION
fixed length control field 260128b |||||||| |||| 00| 0 eng d
020 ## - INTERNATIONAL STANDARD BOOK NUMBER
International Standard Book Number 1-56052-201-1
040 ## - CATALOGING SOURCE
Original cataloging agency DWC-Main lib.
Transcribing agency OC
082 ## - DEWEY DECIMAL CLASSIFICATION NUMBER
Classification number Circ. 658.3 D38 1993
100 ## - MAIN ENTRY--PERSONAL NAME
Personal name Dell, Twyla
245 ## - TITLE STATEMENT
Title Motivating at work :
Remainder of title empowering employees to five their best/
Statement of responsibility, etc. Twyla Dell
260 ## - PUBLICATION, DISTRIBUTION, ETC.
Place of publication, distribution, etc. CA :
Name of publisher, distributor, etc. Crisp Pub.,
Date of publication, distribution, etc. c1993
300 ## - PHYSICAL DESCRIPTION
Extent vii, 97 p. ;
Dimensions 25 cm.
650 ## - SUBJECT ADDED ENTRY--TOPICAL TERM
Topical term or geographic name entry element Employee motivation
942 ## - ADDED ENTRY ELEMENTS (KOHA)
Source of classification or shelving scheme Dewey Decimal Classification
Koha item type Book Circulation
Classification part Circ.
Suppress in OPAC No
952 ## - LOCATION AND ITEM INFORMATION (KOHA)
--
Holdings
Withdrawn status Lost status Source of classification or shelving scheme Damaged status Not for loan Home library Current library Shelving location Date acquired Source of acquisition Cost, normal purchase price Total Checkouts Full call number Barcode Date last seen Copy number Price effective from Koha item type Uniform Resource Identifier
    Dewey Decimal Classification     College Library College Library Circulation 07/29/2004 School Fund 0.00   Circ. 658.3 D38 1993 CL40751 01/28/2026 c1 01/28/2026 BK-CIRC